Air Pollution and Plant Ecosystems (Record no. 34672)

MARC details
000 -LEADER
fixed length control field 00976nam a2200121Ia 4500
008 - FIXED-LENGTH DATA ELEMENTS--GENERAL INFORMATION
fixed length control field 220620s9999||||xx |||||||||||||| ||und||
245 #0 - TITLE STATEMENT
Title Air Pollution and Plant Ecosystems
546 ## - LANGUAGE NOTE
Language note English[eng]
650 ## - SUBJECT ADDED ENTRY--TOPICAL TERM
Topical term or geographic name entry element AIRS||MERRA-2||ozone||trend||spatial and temporal O3||cultivars||EDU (ethylenediurea)||grain yield||India||wheat||Crown defoliation||drought||Gross Primary Production||modified Temperature Vegetation Wetness Index||MODIS||Soil Moisture||chlorophyll fluorescence||elevated O3||N limitation||non-photochemical quenching||photodamage||allometric relationship||determinant species||leaf aging||stomatal conductance||ozone uptake||Vitis vinifera||open top chambers||ozone damage metrics||wine quality||air pollution||carbon dioxide||ethylenediurea||gross primary production||plant protection||tropospheric ozone||plant ecosystems
700 ## - ADDED ENTRY--PERSONAL NAME
Personal name Agathokleous, Evgenios||Carrari, Elisa||Sicard, Pierre
856 ## - ELECTRONIC LOCATION AND ACCESS
Uniform Resource Identifier <a href="https://mdpi.com/books/pdfview/book/2982">https://mdpi.com/books/pdfview/book/2982</a>
942 ## - ADDED ENTRY ELEMENTS (KOHA)
Koha item type E-Books
Holdings
Withdrawn status Lost status Damaged status Not for loan Home library Current library Date acquired Total Checkouts Date last seen Price effective from Koha item type
        Kerala University of Digital Sciences, Innovation and Technology Knowledge Centre Kerala University of Digital Sciences, Innovation and Technology Knowledge Centre 20/06/2022   20/06/2022 20/06/2022 E-Books